LEADER 02850nam 2200553 450 001 9910672352503321 005 20170918212109.0 010 $a1-5129-5949-9 010 $a958-695-819-1 035 $a(CKB)3710000000529449 035 $a(SSID)ssj0001590035 035 $a(PQKBManifestationID)16284884 035 $a(PQKBTitleCode)TC0001590035 035 $a(PQKBWorkID)12595873 035 $a(PQKB)11258825 035 $a(MiAaPQ)EBC5636543 035 $a(OCoLC)1128409706 035 $a(FlNmELB)ELB69366 035 $a(EXLCZ)993710000000529449 100 $a20190415d2010 uy 0 101 0 $aspa 135 $aurcnu|||||||| 181 $ctxt 182 $cc 183 $acr 200 03$aEl estado en Colombia /$fLuis Javier Orjuela E. (compilador) 210 1$aBogota? :$cUniversidad de los Andes, Facultad de Ciencias Sociales, Departamento de Ciencia Poli?tica-CESO,$d2010. 215 $a1 online resource (443 pa?ginas) 225 1 $a40 an?os ciencia poli?tica 300 $aBibliographic Level Mode of Issuance: Monograph 311 $a958-695-550-8 320 $aIncluye referencias bibliogra?ficas. 327 $aPro?logo : cuatro de?cadas de ciencia poli?tica en la Universidad de los Andes / Francisco Leal Buitrago -- Introduccio?n : cuatro de?cadas de reflexiones sobre el estado en Colombia / Luis Javier Orjuela E. -- Intereses de clase e instituciones del estado ; La crisis del re?gimen bipartidista / Francisco Leal Buitrago -- El derrumbe parcial del estado / Paul Oquist -- El fortalecimiento selectivo del estado durante el Frente Nacional / Ana Mari?a Bejarano y Renata Segura Bonnet -- Sociedad y estado : la configuracio?n del monopolio de la violencia / I?ngrid Johanna Boli?var -- Un estado en construccio?n : una mirada de largo plazo sobre la crisis colombiana / Ferna?n Gonza?lez -- En contra de la marea : o sobre co?mo las violencias, a veces, producen democracia / Mari?a Emma Wills Obrego?n -- Elites, estado y nacio?n en Colombia / Luis Javier Orjuela E. -- Colombia : el colapso parcial del estado y la emergencia de los "protoestados" / Ana Mari?a Bejarano y Eduardo Pizarro -- La produccio?n bibliogra?fica del Departamento de Ciencia Poli?tica de la Universidad de los Andes, 1969-2009 / Sonia Jaimes, Natalia Lombana y Mari?a Paz Berger. 410 0$a40 an?os ciencia poli?tica. 606 $aEl Estado 606 $aState, The 607 $aColombia$xPolitics and government 607 $aColombia$xPoli?tica y gobierno 608 $aLibros electronicos. 615 4$aEl Estado. 615 0$aState, The. 676 $a320.9861 702 $aOrjuela$b Luis Javier 801 0$bFINmELB 801 1$bFINmELB 906 $aBOOK 912 $a9910672352503321 996 $aEl estado en Colombia$93045460 997 $aUNINA LEADER 02894nam 22006852 450 001 9910969882603321 005 20151005020621.0 010 $a1-107-13184-7 010 $a1-280-43381-7 010 $a9786610433810 010 $a1-139-14757-9 010 $a0-511-16975-2 010 $a0-511-06404-7 010 $a0-511-05771-7 010 $a0-511-30853-1 010 $a0-511-53659-3 010 $a0-511-07250-3 035 $a(CKB)1000000000030842 035 $a(EBL)217955 035 $a(OCoLC)559158161 035 $a(SSID)ssj0000216899 035 $a(PQKBManifestationID)11912300 035 $a(PQKBTitleCode)TC0000216899 035 $a(PQKBWorkID)10201770 035 $a(PQKB)10669486 035 $a(UkCbUP)CR9780511536595 035 $a(MiAaPQ)EBC217955 035 $a(Au-PeEL)EBL217955 035 $a(CaPaEBR)ebr10073555 035 $a(CaONFJC)MIL43381 035 $a(OCoLC)57365191 035 $a(PPN)261307967 035 $a(EXLCZ)991000000000030842 100 $a20090430d2002|||| uy| 0 101 0 $aeng 135 $aur||||||||||| 181 $ctxt$2rdacontent 182 $cc$2rdamedia 183 $acr$2rdacarrier 200 10$aOut of the blue $ea 24-hour skywatcher's guide /$fJohn Naylor 205 $a1st ed. 210 1$aCambridge :$cCambridge University Press,$d2002. 215 $a1 online resource (xii, 360 pages) $cdigital, PDF file(s) 300 $aTitle from publisher's bibliographic system (viewed on 05 Oct 2015). 311 08$a0-521-80925-8 320 $aIncludes bibliographical references and index. 327 $tDaylight --$tShadows --$tMirages --$tSunset and sunrise --$tRainbow --$tCoronae and glories --$tAtmospheric halos --$tNight sky --$tMoon --$tEclipses --$tPlanets --$tStars --$tComets and meteors. 330 $aWhy is the sky blue and why are sunsets red? When can I see a rainbow? Why is the moon sometimes visible in daylight? In Out of the Blue skywatcher John Naylor offers practical advice about where and when you can expect to see natural phenomena, what you will see and how to improve your chances of seeing it. He takes in both the night and the day sky, and deals only with what can be seen with the naked eye. Drawing on science, history, literature and mythology, and written in a popular style that assumes only basic scientific know-how, Out of the Blue is for everyone who enjoys being outdoors and who feels curious or puzzled about things optical and astronomical. 606 $aMeteorological optics$vObservers' manuals 606 $aAstronomy$vObservers' manuals 615 0$aMeteorological optics 615 0$aAstronomy 676 $a551.56/5 700 $aNaylor$b John C$g(John Caldicott),$f1945-$01844375 801 0$bUkCbUP 801 1$bUkCbUP 906 $aBOOK 912 $a9910969882603321 996 $aOut of the blue$94426937 997 $aUNINA